=LDR 00000nam 2200000 4500 =001 000660 =005 20250712025609 =035 ##$$a 0010-0725000528 =007 ta =008 250712################a##########0#ind## =020 ##$$a 978-623-472-621-7 =082 ##$$a 398.209 598 =100 #$$a Rangarajan, Radha =245 1#$$a Cara yang berlainan /$c Radha Rangarajan =250 ##$$a Pertama =260 ##$$a Jakarta :$b Badan pengembangan dan pembinaan bahasa,$c 2022 =300 ##$$a 16hlm. : $b ilus. ; $c 22,9cm =650 #4$$a Cerita anak Indonesia terjemahan =650 #4$$a Literasi bahan bacaan =700 #$$a Garima gupta =084 ##$$a 398.209 598 RAN c =990 ##$$a TBM202400433